| 000 | 00489nam a2200145 a 4500 | ||
|---|---|---|---|
| 001 | 000031574 | ||
| 005 | 20200930063027.0 | ||
| 008 | 110627s20uu dr 000 0 spa d | ||
| 040 |
_aDO-SdBNP _bspa _cBNPHU |
||
| 110 | 1 |
_acomisión nacional del desarrollo _957916 |
|
| 245 | 1 | 0 | _aInforme final de la comisión nacional del desarrollo de su labor durante el año 1968. |
| 260 |
_a[Santo Domingo] : _bcomisión nacional del desarrollo, _c[200?]. |
||
| 300 |
_a16 p. ; _c22 cm. |
||
| 049 | _aBNPD | ||
| 999 |
_c31066 _d31066 |
||